Nommez ce personnage historique n°5 - Statistiques

Statistiques générales
  • Ce quiz a été pris 2 137 fois
    2 099 depuis la dernière actualisation
  • Le résultat moyen est 5 sur 20
Statistiques - réponses
Par images Réponse % Correct
Elisabeth II
72%
Néfertiti
58%
The Notorious B.I.G.
55%
Joseph Goebbels
45%
Johan Cruyff
44%
Saddam Hussein
40%
Audrey Hepburn
38%
Frank Sinatra
38%
Otto von Bismarck
32%
Geronimo
25%
Lee Harvey Oswald
16%
Calamity Jane
15%
Marlon Brando
15%
Pol Pot
15%
Coco Chanel
14%
Alexander Fleming
9%
Howard Carter
6%
Antoine Lavoisier
5%
Lao Tseu
5%
Tchaïkovski
3%
Aucun quiz correspondant
Distribution des résultats
% des personnes avec chaque résultat
Percentile par nombre de réponses
Votre historique - résultats
Vous n’avez pas pris ce quiz depuis la dernière actualisation